PISA - Property Insurance Sums Insurance Appraisal

Cieľom spoločnosti Swiss Re je prispieť pomocou systému PISA k budúcemu presadeniu princípu poistenia na plnú hodnotu, ktorý sa osvedčil počas desiatok rokov na trhoch strednej a východnej Európy, ktoré teraz zaznamenávajú obrovský rozvoj. PISA - nástroj na určenie poistných čiastok pri poisteniach...

Ausführliche Beschreibung

Gespeichert in:
Bibliographische Detailangaben
1. Verfasser: Müller, Ralf
Format: Buchkapitel
Sprache:Slowakisch
Schlagworte:
Tags: Tag hinzufügen
Keine Tags, Fügen Sie das erste Tag hinzu!

MARC

LEADER 00000naa$a2200000$$$4500
001 0017647
005 20230918115513.8
041 0 |a slo 
044 |a SK 
245 1 0 |a PISA - Property Insurance Sums Insurance Appraisal  |c aut. Ralf Müller 
520 |a Cieľom spoločnosti Swiss Re je prispieť pomocou systému PISA k budúcemu presadeniu princípu poistenia na plnú hodnotu, ktorý sa osvedčil počas desiatok rokov na trhoch strednej a východnej Európy, ktoré teraz zaznamenávajú obrovský rozvoj. PISA - nástroj na určenie poistných čiastok pri poisteniach na novú hodnotu. Správne určenie poistnej čiastky poskytuje celý rad výhod pre všetky relevantné subjekty: poistníkov, prvopoistiteľov a zaisťovateľov. 
610 2 0 |a poistenie majetku 
610 2 0 |a čiastka poistná 
100 1 |a Müller, Ralf